000 01002nam a22002657a 4500
001 BD-DhSAU 9278
003 BD-DhSAU
005 20260223120638.0
008 150613b2018 bg a|||| m||| 00| 0 eng d
040 _aBD-DhSAU
082 _222
_a631.521
_bK9533
100 _aMD. KUDRAT-I-KHUDA
_eRegistration # 22010172
245 _aInduction of seed dormancy in boro rice through salicylic acid /
_bMS thesis
260 _aSher-e-Bangla Agricultural University :
_bDepartment of Seed Techonology,
_c2024.
300 _axi 51p. :
_bill. ;
_c30 cm.
500 _aMS thesis of Department of Seed Technology, Faculty of Seed Technology , Sher-e-Bangla Agricultural University, Dhaka, Bangladesh
504 _aIncludes bibliographical reference.
590 _aNazmul
650 _aseed dormancy in boro rice
650 _asalicylic acid
700 _aProf. Dr. Md. Abdullahil Baqu
_eSuperviser
700 _aProf. Dr. A. K. M Ruhul Amin
_eCo-superviser
942 _2ddc
_cTHESIS
999 _c18310
_d18309